Continuum theory of plasticity / (Record no. 14525)
[ view plain ]
| 000 -LEADER | |
|---|---|
| fixed length control field | 00775cam a2200253 a 4500 |
| 001 - CONTROL NUMBER | |
| control field | TB11989 |
| 003 - CONTROL NUMBER IDENTIFIER | |
| control field | IN-BhIIT |
| 005 - DATE AND TIME OF LATEST TRANSACTION | |
| control field | 20251103175545.0 |
| 008 - FIXED-LENGTH DATA ELEMENTS--GENERAL INFORMATION | |
| fixed length control field | 940408s1995 nyua b 001 0 eng |
| 020 ## - INTERNATIONAL STANDARD BOOK NUMBER | |
| ISBN | 9780471310433 (HB) |
| 040 ## - CATALOGING SOURCE | |
| Original cataloging agency | IN-BhIIT |
| 041 ## - LANGUAGE CODE | |
| Language code of text | eng |
| 082 00 - DEWEY DECIMAL CLASSIFICATION NUMBER | |
| Classification number | 620.11233 |
| Book number | KHA/C |
| 100 1# - MAIN ENTRY--AUTHOR NAME | |
| Personal name | Khan, Akhtar S. |
| Relator term | Author |
| 245 10 - TITLE STATEMENT | |
| Title | Continuum theory of plasticity / |
| Statement of responsibility, etc | by Akhtar S. Khan, Sujian Huang. |
| 260 ## - PUBLICATION, DISTRIBUTION, ETC. (IMPRINT) | |
| Place of publication | New York : |
| Name of publisher | Wiley, |
| Year of publication | c1995. |
| 300 ## - PHYSICAL DESCRIPTION | |
| Number of Pages | x, 421 p. : |
| Other physical details(ill.) | ill. ; |
| Dimensions(size) | 25 cm. |
| 500 ## - GENERAL NOTE | |
| General note | "A Wiley-Interscience publication." |
| 504 ## - BIBLIOGRAPHY, ETC. NOTE | |
| Bibliography, etc | Includes bibliographical references and index. |
| 650 #0 - SUBJECT ADDED ENTRY--TOPICAL TERM | |
| Topical Term | Plasticity. |
| Topical Term | Continuum mechanics. |
| 700 1# - ADDED ENTRY--PERSONAL NAME | |
| Personal name | Huang, Sujian. |
| Relator term | Joint author |
| 942 ## - ADDED ENTRY ELEMENTS (KOHA) | |
| Koha item type | Text Book |
| Koha issues (borrowed), all copies | 1 |
| Withdrawn status | Lost status | Damaged status | Not for loan | Collection code | Home library | Current library | Date acquired | Source of acquisition | Cost, normal purchase price | Full call number | Accession Number | Cost, replacement price | Price effective from | Koha item type |
|---|---|---|---|---|---|---|---|---|---|---|---|---|---|---|
| Not withdrawn | Not Lost | not damaged | SMS | Central Library, IIT Bhubaneswar | Central Library, IIT Bhubaneswar | 09/12/2024 | 21 | 11269.24 | 620.11233 KHA/C | TB11989 | 15437.32 | 09/12/2024 | Text Book | |
| Not withdrawn | Not Lost | not damaged | SMS | Central Library, IIT Bhubaneswar | Central Library, IIT Bhubaneswar | 09/12/2024 | 21 | 11269.24 | 620.11233 KHA/C | TB11991 | 15437.32 | 09/12/2024 | Text Book | |
| Not withdrawn | Not Lost | not damaged | SMS | Central Library, IIT Bhubaneswar | Central Library, IIT Bhubaneswar | 09/12/2024 | 21 | 11269.24 | 620.11233 KHA/C | TB11990 | 15437.32 | 09/12/2024 | Text Book | |
| Not withdrawn | Not Lost | not damaged | SMS | Central Library, IIT Bhubaneswar | Central Library, IIT Bhubaneswar | 09/12/2024 | 21 | 11269.24 | 620.11233 KHA/C | TB11992 | 15437.32 | 09/12/2024 | Text Book |